Data management <the> magazine for the Information Management Executive

Uložené v:
Podrobná bibliografia
Médium: Seriál
Jazyk:English
Vydavateľské údaje: Park Ridge Data Processing Management Association
Tagy: Pridať tag
Žiadne tagy, Buďte prvý, kto otaguje tento záznam!

MARC

LEADER 00000nas1a22000001 4500
001 s120408
005 20230525121330.7
041 0 |a eng 
044 |a US 
245 1 0 |a Data management  |b <the> magazine for the Information Management Executive 
264 1 |a Park Ridge  |b Data Processing Management Association